Catecismo y declaración de la doctrina cristiana en lengua otomí, con un vocabulario del mismo idioma / (Record no. 158089)

MARC details
000 -LEADER
campo de control de longitud fija 01133nam a2200289 i 4500
001 - NÚMERO DE CONTROL
campo de control 158089
003 - IDENTIFICADOR DE NÚMERO DE CONTROL
campo de control ES-MaACL
005 - FECHA Y HORA DE LA ÚLTIMA TRANSACCIÓN
campo de control 20250830072601.0
008 - DATOS DE LONGITUD FIJA--INFORMACIÓN GENERAL
campo de control de longitud fija 010524s1826 mx |||| | spa d
040 ## - FUENTE DE CATALOGACIÓN
Centro/agencia transcriptor ES-MaACL
100 1# - ENTRADA PRINCIPAL--NOMBRE DE PERSONA
Nombre de persona López Yepes, Joaquín
Término indicativo de función/relación Autor
9 (RLIN) 129233
245 10 - MENCIÓN DEL TÍTULO
Título Catecismo y declaración de la doctrina cristiana en lengua otomí, con un vocabulario del mismo idioma /
Mención de responsabilidad, etc. compuesto por el R. P. Fr. Joaquín López Yepes, predicador apostólico, y discreto del Colegio de Propaganda
260 ## - PUBLICACIÓN, DISTRIBUCIÓN, ETC.
Lugar de publicación, distribución, etc. Megico :
Nombre del editor, distribuidor, etc. [s.n.],
Fecha de publicación, distribución, etc. 1826
Fabricante (impreso en la oficina del ciudadano Alejandro Valdés)
300 ## - DESCRIPCIÓN FÍSICA
Extensión 254 páginas ;
Dimensiones 20 cm.
500 ## - NOTA GENERAL
Nota general Texto a dos columnas
546 ## - NOTA DE IDIOMA
Nota de lengua/lenguaje Texto en español y otomí
610 20 - PUNTO DE ACCESO ADICIONAL DE MATERIA--NOMBRE DE ENTIDAD CORPORATIVA
Nombre de entidad corporativa o nombre de jurisdicción como elemento de entrada Iglesia Católica.
Título de la obra Catechismus
9 (RLIN) 235916
650 #7 - PUNTO DE ACCESO ADICIONAL DE MATERIA--TÉRMINO DE MATERIA
Término de materia o nombre geográfico como elemento de entrada Teología dogmática
Fuente del encabezamiento o término embne
9 (RLIN) 17468
650 #7 - PUNTO DE ACCESO ADICIONAL DE MATERIA--TÉRMINO DE MATERIA
9 (RLIN) 235917
Término de materia o nombre geográfico como elemento de entrada Lengua otomí
655 #7 - TERMINO DE INDIZACIÓN--GENERO/FORMA
Fuente del término tgfbne
9 (RLIN) 234608
Datos o término principal de género/forma Catecismos
752 ## - ENTRADA AGREGADA--NOMBRE JERÁRQUICO DEL LUGAR
País o entidad superior México -
Ciudad Ciudad de México
852 ## - LOCALIZACIÓN
Ubicación ES-MaACL
Ubicación en estantería Depósito 2
Número de control de estantería G-1022
Encuadernación Holandesa
942 ## - ELEMENTOS DE ENTRADA SECUNDARIOS (KOHA)
Tipo de ítem Koha Libro impreso antiguo
Suprimir en OPAC No
Holdings
Estatus retirado Estado de pérdida Fuente del sistema de clasificación o colocación Estado de daño No para préstamo Colección Biblioteca de origen Biblioteca actual Ubicación en estantería Fecha de adquisición Total de préstamos Signatura topográfica completa Código de barras Visto por última vez Tipo de ítem Koha
    Clasificación decimal universal     Libros del s. XIX Biblioteca del Ateneo de Madrid Biblioteca del Ateneo de Madrid Depósito 2 17/01/2008   G-1022 1165454 23/02/2023 Libro impreso antiguo